Romulus, My Father / (Record no. 5283)

MARC details
000 -LEADER
fixed length control field 01232nam a22003017a 4500
001 - CONTROL NUMBER
control field 5283
003 - CONTROL NUMBER IDENTIFIER
control field FISKH
005 - DATE AND TIME OF LATEST TRANSACTION
control field 20241122145339.0
008 - FIXED-LENGTH DATA ELEMENTS--GENERAL INFORMATION
fixed length control field 241122b cb ||||| |||| 00| 0 eng d
020 ## - INTERNATIONAL STANDARD BOOK NUMBER
International Standard Book Number 9780747262770
040 ## - CATALOGING SOURCE
Original cataloging agency FISKH
Language of cataloging eng
Transcribing agency FISKH
Modifying agency FISKH
050 ## - LIBRARY OF CONGRESS CALL NUMBER
Classification number DU122.Y8
082 ## - DEWEY DECIMAL CLASSIFICATION NUMBER
Classification number 994.05092
100 ## - MAIN ENTRY--PERSONAL NAME
Personal name Gaita, Raimond
245 ## - TITLE STATEMENT
Title Romulus, My Father /
Statement of responsibility, etc. by Raimond Gaita
250 ## - EDITION STATEMENT
Edition statement First published in 1998
260 ## - PUBLICATION, DISTRIBUTION, ETC.
Place of publication, distribution, etc. London :
Name of publisher, distributor, etc. Headline Book Publishing ;
Date of publication, distribution, etc. 1998 .
300 ## - PHYSICAL DESCRIPTION
Extent 215 pages :
Other physical details illustrations ;
Dimensions 20 cm .
505 ## - FORMATTED CONTENTS NOTE
Formatted contents note S <br/>
520 ## - SUMMARY, ETC.
Summary, etc. Romulus Gaita fled Yugoslavia aged thirteen, and came to Australia with his wife and their son soon after World War II. Tragic events were to overtake the boy's life, but Raimond Gaita has an extraordinary and moving tale to tell of growing up with his father in country Victoria. Romulus, My Father is the much-loved story of how a compassionate, honest man taught his son the meaning of living a decent life.
521 8# - TARGET AUDIENCE NOTE
Target audience note 790 <br/>
Source Lexile estimate <br/>
521 8# - TARGET AUDIENCE NOTE
Target audience note S <br/>
Source Raz-Plus <br/>
650 ## - SUBJECT ADDED ENTRY--TOPICAL TERM
Topical term or geographic name entry element Australian
Form subdivision Non-fiction
650 ## - SUBJECT ADDED ENTRY--TOPICAL TERM
Topical term or geographic name entry element autobiography
Form subdivision Non-fiction
700 ## - ADDED ENTRY--PERSONAL NAME
Personal name Chong, W. H.
Relator term designer
942 ## - ADDED ENTRY ELEMENTS (KOHA)
Source of classification or shelving scheme Dewey Decimal Classification
Koha item type Books
Suppress in OPAC No
Holdings
Withdrawn status Lost status Source of classification or shelving scheme Damaged status Not for loan Collection Home library Current library Shelving location Date acquired Total Checkouts Full call number Barcode Date last seen Price effective from Koha item type
    Dewey Decimal Classification     Non-Fiction Footprints International School Library Network Toul Kork Campus Footprints International School Library Network Toul Kork Campus TTP Secondary Non-Fiction Bookshelves 11/22/2024   GAI 994.05092 DU122.Y8 FISSE03225 11/22/2024 11/22/2024 Books